000 00242 a2200097 4500
001 30462
100 _aWilains, D A
245 _aSecond language and teaching
260 _aLondon
_bThe English language Book Society
_c
090 _c20405
_d20405
942 _aNUST-CAE
_cM
_c11565
999 _c265535
_d265535